Malé podniky v návrhu smernice o ročných účtovných závierkach
Skupinu podnikov, ktoré sa označujú ako mikropodniky, môžu niektoré požiadavky na zostavenie účtovnej závierky zaťažovať a náklady na zostavenie účtovnej závierky tak môžu byť v konečnom dôsledku vyššie, ako hodnota poskytovaných informácií. Z tohto dôvodu Rada Európskej únie navrhuje upraviť aj Sme...
Na minha lista:
| Autor principal: | |
|---|---|
| Outros Autores: | |
| Formato: | Capítulo de Livro |
| Idioma: | eslovaco |
| Assuntos: | |
| Tags: |
Sem tags, seja o primeiro a adicionar uma tag!
|
MARC
| LEADER | 00000naa a2200000 4500 | ||
|---|---|---|---|
| 001 | 0152961 | ||
| 005 | 20240502072726.5 | ||
| 041 | 0 | |a slo | |
| 044 | |a SK | ||
| 245 | 1 | 0 | |a Malé podniky v návrhu smernice o ročných účtovných závierkach |c Zuzana Juhászová, Michal Ješš |
| 520 | |a Skupinu podnikov, ktoré sa označujú ako mikropodniky, môžu niektoré požiadavky na zostavenie účtovnej závierky zaťažovať a náklady na zostavenie účtovnej závierky tak môžu byť v konečnom dôsledku vyššie, ako hodnota poskytovaných informácií. Z tohto dôvodu Rada Európskej únie navrhuje upraviť aj Smernicu Rady 78/660/EHS o ročnej účtovnej závierke niektorých typov spoločností. | ||
| 610 | 2 | 0 | |a podnik malý |
| 610 | 2 | 0 | |a štandardy účtovné medzinárodné |
| 610 | 2 | 0 | |a smernice |
| 610 | 2 | 0 | |a harmonizácia |
| 610 | 2 | 0 | |a závierka účtovná |
| 100 | 1 | |a Juhászová, Zuzana, 1970- | |
| 700 | 1 | |a Ješš, Michal, 1986- | |